Tile Select - Chess Moves - Statistics

General Stats
  • This quiz has been taken 289 times
  • The average score is 98 of 125
Answer Stats
Question Tile Select % Correct
that the knight can reach. E5 No
95%
that the knight can reach. A5 No
94%
that the knight can reach. B5 No
94%
that the knight can reach. E2 No
94%
that the knight can reach. A2 No
93%
that the knight can reach. C1 No
93%
that the knight can reach. D2 No
93%
that the knight can reach. D5 No
93%
that the knight can reach. E4 No
93%
that the knight can reach. A4 No
92%
that the knight can reach. B1 No
92%
that the knight can reach. C4 No
92%
that the knight can reach. D1 No
92%
that the knight can reach. B3 No
91%
that the knight can reach. C5 No
91%
that the knight can reach. D3 No
91%
that the knight can reach. A3 Yes
90%
that the knight can reach. C3 No
90%
that the knight can reach. B2 No
89%
that the knight can reach. E3 Yes
88%
that the knight can reach. KNIGHT No
87%
that the knight can reach. A1 Yes
86%
that the rook can reach. B5 No
86%
that the rook can reach. B1 No
85%
that the rook can reach. B3 No
85%
that the knight can reach. B4 Yes
85%
that the pawn can reach. D1 No
85%
that the pawn can reach. E1 No
85%
that the rook can reach. E2 No
85%
that the pawn can reach. ROOK No
85%
that the rook can reach. A2 No
84%
that the pawn can reach. C1 No
84%
that the rook can reach. C2 No
84%
that the pawn can reach. C4 No
84%
that the queen and bishop can reach. D1 No
84%
that the knight can reach. D4 Yes
84%
that the pawn can reach. D4 No
84%
that the rook can reach. E1 No
84%
that the pawn can reach. E5 No
84%
that the pawn can reach. A4 No
83%
that the rook can reach. A5 No
83%
that the rook can reach. B4 Yes
83%
that the pawn can reach. C5 No
83%
that the rook can reach. D2 Yes
83%
that the pawn can reach. D5 No
83%
that the queen and bishop can reach. E1 No
83%
that the pawn can reach. E2 No
83%
that the pawn can reach. E4 No
83%
that the queen and bishop can reach. E4 No
83%
that the rook can reach. A3 No
82%
that the rook can reach. A4 Yes
82%
that the queen and bishop can reach. A4 No
82%
that the pawn can reach. A5 No
82%
that the pawn can reach. B1 No
82%
that the queen and bishop can reach. C5 No
82%
that the rook can reach. D5 Yes
82%
that the knight can reach. E1 Yes
82%
that the rook can reach. E3 No
82%
that the queen and bishop can reach. E3 No
82%
that the rook can reach. E5 No
82%
that the rook can reach. A1 No
81%
that the queen and bishop can reach. A2 Yes
81%
that the rook can reach. B2 No
81%
that the queen and bishop can reach. B3 Yes
81%
that the rook can reach. C1 No
81%
that the rook can reach. C3 No
81%
that the rook can reach. C4 Yes
81%
that the rook can reach. C5 No
81%
that the rook can reach. D1 Yes
81%
that the pawn can reach. D2 No
81%
that the rook can reach. D3 Yes
81%
that the rook can reach. E4 Yes
81%
that the queen and bishop can reach. B5 Yes
80%
that the rook can reach. ROOK No
80%
that the knight, pawns and rook can reach. A5 No
79%
that the pawn can reach. B4 No
79%
that the pawn can reach. B5 No
79%
that the knight, pawns and rook can reach. BISHOP No
79%
that the pawn can reach. D3 No
79%
that the pawn can reach. E3 No
79%
that the queen and bishop can reach. QUEEN No
79%
that the knight, pawns and rook can reach. A1 No
78%
that the queen and bishop can reach. A5 No
78%
that the queen and bishop can reach. BISHOP No
78%
that the knight, pawns and rook can reach. C1 No
78%
that the pawn can reach. C2 No
78%
that the pawn can reach. C3 No
78%
that the knight, pawns and rook can reach. C5 No
78%
that the queen and bishop can reach. E2 Yes
78%
that the pawn can reach. ^ PAWN ^ No
78%
that the pawn can reach. A1 No
77%
that the pawn can reach. A2 Yes
77%
that the knight, pawns and rook can reach. A2 No
77%
that the pawn can reach. A3 No
72%
that the knight, pawns and rook can reach. A4 Yes
72%
that the queen and bishop can reach. B1 Yes
72%
that the queen and bishop can reach. C2 Yes
72%
that the knight, pawns and rook can reach. A3 No
71%
that the knight, pawns and rook can reach. C4 Yes
71%
that the queen and bishop can reach. D2 Yes
71%
that the knight, pawns and rook can reach. D3 Yes
71%
that the queen and bishop can reach. C3 Yes
70%
that the queen and bishop can reach. C1 Yes
68%
that the knight, pawns and rook can reach. D1 Yes
68%
that the queen and bishop can reach. D3 Yes
68%
that the queen and bishop can reach. D4 Yes
68%
that the queen and bishop can reach. A1 Yes
67%
that the queen and bishop can reach. A3 Yes
67%
that the queen and bishop can reach. E5 Yes
67%
that the queen and bishop can reach. D5 Yes
66%
that the queen and bishop can reach. B4 Yes
62%
that the knight, pawns and rook can reach. ROOK No
62%
that the knight, pawns and rook can reach. B1 No
60%
that the knight, pawns and rook can reach. D5 Yes
60%
that the knight, pawns and rook can reach. E1 No
60%
that the knight, pawns and rook can reach. KNIGHT No
60%
that the knight, pawns and rook can reach. B4 Yes
56%
that the knight, pawns and rook can reach. C3 Yes
56%
that the knight, pawns and rook can reach. D2 Yes
55%
that the knight, pawns and rook can reach. E5 No
55%
that the knight, pawns and rook can reach. E3 No
53%
that the knight, pawns and rook can reach. E2 No
48%
that the knight, pawns and rook can reach. ^ PAWN ^ Yes
44%
that the knight, pawns and rook can reach. v PAWN v Yes
42%
that the knight, pawns and rook can reach. QUEEN Yes
40%
No matching quizzes found
Score Distribution
Percent of People with Each Score
Percentile by Number Answered
Your Score History
You have not taken this quiz